Counter-Strike ESL Pro League Season 20 Players - Statistics

General Stats
  • This quiz has been taken 6 times
  • The average score is 45 of 160
Answer Stats
Team Country Player % Correct
Natus Vincere Finland Aleksib
100%
Spirit Russia donk
100%
FaZe Denmark karrigan
100%
Vitality France apEX
80%
Astralis Denmark br0
80%
Spirit Russia chopper
80%
Vitality Israel flameZ
80%
FaZe Slovakia frozen
80%
Natus Vincere Lithuania jL
80%
G2 Russia m0NESY
80%
Spirit Russia magixx
80%
Vitality United Kingdom mezii
80%
G2 Bosnia & Herzegovina NiKo
80%
FaZe Norway rain
80%
Spirit Russia sh1ro
80%
Vitality Israel Spinx
80%
Natus Vincere Ukraine w0nderful
80%
Spirit Ukraine zont1x
80%
Vitality France ZywOo
80%
Natus Vincere Ukraine b1t
60%
FaZe Latvia broky
60%
MOUZ Sweden Brollan
60%
Complexity United States EliGE
60%
Natus Vincere Romania iM
60%
Falcons Denmark Magisk
60%
FaZe Estonia ropz
60%
Liquid Canada Twistzz
60%
The MongolZ Mongolia 910
40%
fnatic France bodyy
40%
Astralis Denmark device
40%
3DMAX France Ex3rcice
40%
FURIA Brazil FalleN
40%
Virtus.pro Russia fame
40%
Virtus.pro Russia FL1T
40%
G2 Bosnia & Herzegovina huNter-
40%
Virtus.pro Russia Jame
40%
MOUZ Finland Jimpphat
40%
FURIA Brazil KSCERATO
40%
3DMAX France Maka
40%
G2 Guatemala malbsMd
40%
Virtus.pro Russia n0rb3r7
40%
MOUZ Poland siuhy
40%
G2 Poland Snax
40%
Falcons Spain SunPayus
40%
MOUZ Hungary torzsi
40%
MOUZ Israel xertioN
40%
FURIA Brazil yuurih
40%
KOI Romania adamS
20%
fnatic France afro
20%
Ninjas in Pyjamas Spain alex
20%
FlyQuest Australia aliStair
20%
The MongolZ Mongolia bLitz
20%
9z Argentina buda
20%
Eternal Fire Turkey Calyx
20%
FURIA Brazil chelo
20%
RED Canids Brazil coldzera
20%
Imperial Brazil decenty
20%
HEROIC Russia degster
20%
FlyQuest Australia dexter
20%
9z Uruguay dgt
20%
3DMAX France Djoko
20%
MIBR Brazil drop
20%
Falcons Denmark dupreeh
20%
Virtus.pro Russia electroNic
20%
Lynn Vision China EmiliaQAQ
20%
MIBR Brazil exit
20%
Imperial Brazil felps
20%
Complexity United States floppy
20%
ENCE Denmark gla1ve
20%
3DMAX France Graviti
20%
Complexity United States Grim
20%
Complexity Norway hallzerk
20%
9z Chile HUASOPEEK
20%
FlyQuest Australia INS
20%
Astralis Denmark jabbi
20%
Wildcard United States JBa
20%
Liquid Australia jks
20%
Sangal Turkey jottAAA
20%
Complexity South Africa JT
20%
BIG Germany Krimbo
20%
fnatic Sweden KRIMZ
20%
HEROIC North Macedonia kyxsan
20%
M80 United States Lake
20%
FlyQuest Australia Liazz
20%
Sangal Sweden LNZ
20%
3DMAX France Lucky
20%
Falcons Montenegro Maden
20%
Eternal Fire Turkey MAJ3R
20%
9z Spain MartinezSa
20%
fnatic Slovakia MATYS
20%
9z Uruguay max
20%
The MongolZ Mongolia mzinho
20%
Liquid Canada NAF
20%
HEROIC Israel NertZ
20%
Wildcard Sweden phzy
20%
Ninjas in Pyjamas Ukraine r1nkle
20%
M80 United States reck
20%
BIG Switzerland rigoN
20%
M80 Germany s1n
20%
MIBR Brazil saffee
20%
Sangal Poland SaMey
20%
ENCE Ukraine sdy
20%
The MongolZ Mongolia Senzu
20%
HEROIC Denmark sjuush
20%
FURIA Brazil skullz
20%
M80 Germany slaxz-
20%
Falcons Denmark Snappi
20%
Wildcard South Africa Sonic
20%
Astralis Denmark Staehr
20%
Wildcard Canada stanislaw
20%
Astralis Denmark stavn
20%
Wildcard Sweden susp
20%
M80 United States Swisher
20%
BIG Germany syrsoN
20%
BIG Germany tabseN
20%
The MongolZ Mongolia Techno
20%
HEROIC Denmark TeSeS
20%
Imperial Argentina try
20%
Liquid Poland ultimate
20%
FlyQuest Australia Vexite
20%
Imperial Brazil VINI
20%
Eternal Fire Turkey Wicadia
20%
Eternal Fire Turkey woxic
20%
Eternal Fire Turkey XANTARES
20%
Sangal Turkey xfl0ud
20%
Liquid Latvia YEKINDAR
20%
Sangal Sweden yxngstxr
20%
Lynn Vision China afufu
0%
ATOX Mongolia Annihilation
0%
Rooster Australia asap
0%
fnatic Denmark blameF
0%
MIBR Brazil brnz4n
0%
Rooster New Zealand chelleos
0%
Rooster Australia dangeR
0%
RED Canids Chile dav1deuS
0%
KOI Spain dav1g
0%
ATOX Mongolia dobu
0%
Lynn Vision China flying
0%
ENCE Poland Goofy
0%
RED Canids Brazil HEN1
0%
MIBR Brazil insani
0%
Ninjas in Pyjamas Sweden isak
0%
BIG Germany JDC
0%
KOI Portugal JUST
0%
ATOX Mongolia kabal
0%
ENCE Poland Kylar
0%
Ninjas in Pyjamas Sweden maxster
0%
ATOX Mongolia MiQ
0%
KOI Spain mopoz
0%
Imperial Brazil noway
0%
RED Canids Brazil nython
0%
ENCE Finland podi
0%
Ninjas in Pyjamas Sweden REZ
0%
Rooster Australia sliimey
0%
KOI Portugal stadodo
0%
Rooster Australia TjP
0%
RED Canids Brazil venomzera
0%
Lynn Vision China Westmelon
0%
ATOX Mongolia yAmi
0%
Lynn Vision China z4KR
0%
No matching quizzes found
Score Distribution
Percent of People with Each Score
Percentile by Number Answered
Your Score History
You have not taken this quiz